000 00990nam a22002777a 4500
001 06362
003 HDC
007 cr bn ---aaaaa
008 210123b20042004xxu||||| |||| 00| 0 eng d
020 _a0824703510
040 _aHDC
100 _aWaldhoff, Heinrich
_eauthor
_96725
245 0 _aMiscellaneous Ingredients
_c/ Heinrich Waldhoff and Peter Haas
260 _aNew York:
_bMarcel Dekker,
_c2004
300 _a1 online resource (33 pages)
336 _atext
_2rdacontent
337 _acomputer
_2rdamedia
338 _aonline resource
_2rdacarrier
500 _aOriginally from: Handbook of detergents, 2009 (pages 507-539)
_aIncludes bibliographical references
650 _aDetergents
_96560
700 _aHaas, Peter
_ejoint author
_96726
856 _zRequest full-text at [email protected]
942 _2lcc
942 _cCHAP
942 _kEBCH 004250
999 _c3686
_d3686